00371nam a2200121Ia 4500008004100000020002200041100002000063245005100083260004400134300002800178650002300206650002000229200922s9999 xx 000 0 und d a978-971-9676-97-3 aMaglaya, Rommel cRommel MaglayaaOral communication in context/ aManila:bJimczyville Publicationsc2018 aviii, 158 pagesc23 cm. aOral communication aPublic speaking